Southville International School and Colleges
Your cart is empty.
  • Cart
  • Lists
    Public lists Eva Luna New books Lux_list list_1
    Your lists Log in to create your own lists
  • Log in to your account
  • Your cookies
  • Search history
Southville International School and Colleges
  • Advanced search
  • Recent comments
  • Most popular
  • Libraries

Log in to your account

Log in with GOOGLE


If you do not have an external account, but do have a local account, you can still log in:

  1. Home
  2. MARC view: My Granny went to market :
Normal view MARC view ISBD view

My Granny went to market : (Record no. 113650)

[ view plain ]
MARC details
000 -LEADER
fixed length control field 00536nam a2200169 a 4500
001 - CONTROL NUMBER
control field 2036
005 - DATE AND TIME OF LATEST TRANSACTION
control field 20140414132032.0
008 - FIXED-LENGTH DATA ELEMENTS--GENERAL INFORMATION
fixed length control field 040109s19uu xx 00 eng d
020 ## - INTERNATIONAL STANDARD BOOK NUMBER
International Standard Book Number 1-901223-43-4
050 ## - LIBRARY OF CONGRESS CALL NUMBER
Classification number TR
Item number M99 1995
100 ## - MAIN ENTRY--PERSONAL NAME
Personal name Blackstone, Stella
245 ## - TITLE STATEMENT
Title My Granny went to market :
Statement of responsibility, etc Stella Blackstone ; pictures by Bernard Lodge.
Remainder of title a round-the-world counting rhyme /
260 ## - PUBLICATION, DISTRIBUTION, ETC. (IMPRINT)
Place of publication, distribution, etc Singapore :
Name of publisher, distributor, etc Barefoot Books,
Date of publication, distribution, etc 1995.
300 ## - PHYSICAL DESCRIPTION
Extent 1 v. p. : ill. ; cm.
650 ## - SUBJECT ADDED ENTRY--TOPICAL TERM
Topical term or geographic name as entry element Counting
General subdivision Juvenile literature.
Holdings
Withdrawn status Lost status Damaged status Use restrictions Home library Current library Shelving location Date acquired Source of acquisition Cost, normal purchase price Total Checkouts Full call number Barcode Date last seen Price effective from Koha item type
        Munich Library Munich Library Teachers Reference Section 01/09/2004   100.00   TR M99 1995 M5254 04/14/2014 04/14/2014 Books

My Granny went to market :

APA

Blackstone S., . (1995). My Granny went to market. Singapore: Barefoot Books.

Chicago

Blackstone Stella, . 1995. My Granny went to market. Singapore: Barefoot Books.

Harvard

Blackstone S., . (1995). My Granny went to market. Singapore: Barefoot Books.

MLA

Blackstone Stella, . My Granny went to market. Singapore: Barefoot Books. 1995.

  • Place hold
  • Print
  • Cite
  • Add to your cart (remove)
  • Save record
    BIBTEX Dublin Core MARCXML MARC (non-Unicode/MARC-8) MARC (Unicode/UTF-8) MARC (Unicode/UTF-8, Standard) MODS (XML) RIS
  • More searches
    Search for this title in:
    Other Libraries (WorldCat) Other Databases (Google Scholar) Online Stores (Bookfinder.com) Open Library (openlibrary.org)

Exporting to Dublin Core...

SOUTHVILLE LIBRARY

Southville International School and Colleges Library

1281 Tropical Ave. Cor. Luxembourg St., BF Homes International, Las Pinas City

Tel. No. 8256374 / 252358 Loc. 117/146

Powered by Koha